[Event "World Senior Teams +65"]
[Site "Radebeul GER"]
[Date "2016.06.29"]
[Round "4.6"]
[Board "3"]
[White "Nyberg, Ulf"]
[Black "Kahn, Peter"]
[Result "1-0"]
[WhiteElo "2161"]
[BlackElo "2097"]
[WhiteTeam "Sweden 1"]
[BlackTeam "USV TU Dresden"]
[WhiteFideId "1705083"]
[BlackFideId "4686837"]
[EventDate "2016.06.26"]

1. d4 d5 2. c4 c6 3. Nf3 Nf6 4. Nc3 e6 5. Bg5 Nbd7 6. e3 Be7 7. Bd3 dxc4 8. Bxc4
Nd5 9. Bxe7 Qxe7 10. O-O O-O 11. e4 N5f6 12. Qe2 b5 13. Bb3 a5 14. Rfe1 b4 15.
Na4 Bb7 16. e5 Nd5 17. Rac1 N5b6 18. Nxb6 Nxb6 19. Bc2 Rfc8 20. h4 g6 21. Be4
Nd5 22. Rc5 Nb6 23. Rec1 Na4 24. R5c2 c5 25. Bxb7 Qxb7 26. dxc5 Rc6 27. Nd4 Rc7
28. c6 Qb6 29. Nb5 Rcc8 30. c7 1-0

[Event "World Senior Teams +65"]
[Site "Radebeul GER"]
[Date "2016.06.29"]
[Round "4.6"]
[Board "4"]
[White "Petzold, Hans"]
[Black "Nordstrom, Felix"]
[Result "1/2-1/2"]
[BlackTitle "FM"]
[WhiteElo "2092"]
[BlackElo "2093"]
[WhiteTeam "USV TU Dresden"]
[BlackTeam "Sweden 1"]
[WhiteFideId "24615676"]
[BlackFideId "1701509"]
[EventDate "2016.06.26"]

1. e4 c5 2. Nc3 Nc6 3. f4 g6 4. Nf3 Bg7 5. a3 d6 6. Bb5 Bd7 7. O-O Nd4 8. Bxd7+
Qxd7 9. Ne2 Nxf3+ 10. Rxf3 e6 11. d3 Ne7 12. Qe1 f5 13. Rb1 O-O 14. Bd2 Nc6 15.
c3 Rae8 16. Ng3 b6 17. Qf1 Kh8 18. Kh1 d5 19. e5 b5 20. Ne2 Rf7 21. Qf2 Bf8 22.
d4 1/2-1/2

[Event "World Senior Teams +65"]
[Site "Radebeul GER"]
[Date "2016.06.29"]
[Round "4.7"]
[Board "2"]
[White "Degerfeldt, Sven"]
[Black "James, Geoffrey H"]
[Result "1/2-1/2"]
[BlackTitle "CM"]
[WhiteElo "1962"]
[BlackElo "2203"]
[WhiteTeam "Sweden 2"]
[BlackTeam "England 1"]
[WhiteFideId "1717430"]
[BlackFideId "402346"]
[EventDate "2016.06.26"]

1. d4 Nf6 2. Nf3 e6 3. Bf4 b6 4. e3 Bb7 5. Bd3 Be7 6. h3 O-O 7. O-O d6 8. Nbd2
c5 9. c3 Nc6 10. Qe2 cxd4 11. exd4 Re8 12. Rfe1 e5 13. dxe5 dxe5 14. Bg5 g6 15.
Bb5 Nd5 16. Bxe7 Rxe7 17. Rad1 Nf4 18. Qc4 Rc8 19. Qf1 Qc7 20. g3 Ne6 21. Ne4
Kg7 22. Nd6 Rd8 23. Nxb7 Rxd1 24. Rxd1 Qxb7 25. Qe2 f6 26. Rd6 Ncd8 27. Bc4 Qc7
28. Rd2 Nf7 29. Bd5 Nc5 30. Kh2 Nd6 31. Ne1 f5 32. Nc2 Nce4 33. Rd3 Nf6 34. Bg2
Nde4 35. Nb4 Qc5 36. Re3 Nd6 37. Nd3 Qb5 38. Nxe5 Qxe2 39. Rxe2 Nf7 40. f4 Nd7
41. Bd5 Nfxe5 42. fxe5 Rxe5 43. Rxe5 Nxe5 44. b4 Kf6 45. Kg2 Nd3 46. Kf3 Ke5 47.
Bg8 h6 48. Bc4 Nb2 49. Bb3 b5 50. h4 g5 51. hxg5 hxg5 52. Ke3 f4+ 53. gxf4+
gxf4+ 54. Ke2 Ke4 55. Bc2+ Ke5 56. Bb3 1/2-1/2

[Event "World Senior Teams +65"]
[Site "Radebeul GER"]
[Date "2016.06.29"]
[Round "4.7"]
[Board "3"]
[White "Stokes, Michael"]
[Black "Svensson, Soren"]
[Result "1-0"]
[WhiteElo "2187"]
[BlackElo "1952"]
[WhiteTeam "England 1"]
[BlackTeam "Sweden 2"]
[WhiteFideId "442542"]
[BlackFideId "1714937"]
[EventDate "2016.06.26"]

1. e4 e5 2. Nf3 Nc6 3. Bb5 a6 4. Ba4 Nf6 5. O-O Nxe4 6. d4 b5 7. Bb3 d5 8. dxe5
Be6 9. c3 Be7 10. Nbd2 Nc5 11. Bc2 Bg4 12. h3 Bh5 13. Qe2 O-O 14. Re1 Qd7 15.
Nf1 Rad8 16. Ng3 Bg6 17. Be3 Qc8 18. Rad1 Bxc2 19. Qxc2 Ne6 20. Re2 Na5 21. Nf5
Rfe8 22. b3 Bf8 23. Red2 Qb7 24. Rd3 Rd7 25. Qd2 Red8 26. Ng5 c6 27. Nxe6 fxe6
28. Nd4 Re8 29. Bg5 c5 30. Nf3 Nc6 31. Qe2 Rf7 32. Bh4 h6 33. Bg3 Be7 34. Qe3
Qc7 35. Nh2 a5 36. Rxd5 Qc8 37. R5d2 b4 38. f4 Qa6 39. Nf3 Bf8 40. c4 Qa7 41.
Kh2 a4 42. Qe4 Rc8 43. Bf2 axb3 44. axb3 Qa3 45. Qg6 Na5 46. Qxe6 Rc6 47. Qd5
Be7 48. e6 Rxf4 49. Bg3 Rf6 50. Bh4 g5 51. Nxg5 hxg5 52. Qxg5+ Kf8 53. Rd8+ 1-0

[Event "World Senior Teams +65"]
[Site "Radebeul GER"]
[Date "2016.06.29"]
[Round "4.7"]
[Board "4"]
[White "Ekelund, Kurt"]
[Black "Farrand, Julian T"]
[Result "1/2-1/2"]
[WhiteElo "1952"]
[BlackElo "2048"]
[WhiteTeam "Sweden 2"]
[BlackTeam "England 1"]
[WhiteFideId "1706667"]
[BlackFideId "24602469"]
[EventDate "2016.06.26"]

1. e4 d6 2. d4 Nf6 3. Nc3 c6 4. f4 Qa5 5. e5 Ne4 6. Qf3 d5 7. Bd3 Na6 8. Ne2 Nb4
9. O-O Nxd3 10. cxd3 Nxc3 11. bxc3 e6 12. Bd2 g6 13. Be1 Qd8 14. Qh3 Be7 15. Kh1
h5 16. Ng1 b6 17. a4 Ba6 18. Qf3 c5 19. dxc5 Bxc5 20. Nh3 1/2-1/2

[Event "World Senior Teams +65"]
[Site "Radebeul GER"]
[Date "2016.06.29"]
[Round "4.8"]
[Board "1"]
[White "Romcovici, Victor"]
[Black "Lehmann, Karl-Heinz"]
[Result "1-0"]
[WhiteTitle "IM"]
[WhiteElo "2122"]
[BlackElo "2108"]
[WhiteTeam "Moldova"]
[BlackTeam "Stiftung BSW / DBAG I"]
[WhiteFideId "13900560"]
[BlackFideId "4617576"]
[EventDate "2016.06.26"]

1. d4 Nf6 2. Bg5 d5 3. Nc3 c6 4. Qd3 Nbd7 5. Nf3 e6 6. e4 dxe4 7. Nxe4 Qa5+ 8.
Bd2 Bb4 9. Nd6+ Ke7 10. Nc4 Bxd2+ 11. Nfxd2 Qc7 12. g4 h6 13. Bg2 Rd8 14. h4 Nb6
15. g5 Ng8 16. Qa3+ Ke8 17. Nxb6 Qxb6 18. O-O-O Qc7 19. Ne4 b6 20. Kb1 Bb7 21.
f4 Qe7 22. Qg3 f5 23. gxh6 Nxh6 24. Ng5 Rd6 25. c4 Rad8 26. Rhe1 Nf7 27. Nxe6
Rxe6 28. Rxe6 Qxe6 29. Re1 Qxe1+ 30. Qxe1+ Kf8 31. Qe3 Nd6 32. Qe5 Bc8 33. Bxc6 1-0

[Event "World Senior Teams +65"]
[Site "Radebeul GER"]
[Date "2016.06.29"]
[Round "4.8"]
[Board "2"]
[White "Kugelmann, Werner"]
[Black "Nevednichy, Boris M"]
[Result "1/2-1/2"]
[BlackTitle "IM"]
[WhiteElo "2144"]
[BlackElo "2122"]
[WhiteTeam "Stiftung BSW / DBAG I"]
[BlackTeam "Moldova"]
[WhiteFideId "4671856"]
[BlackFideId "13900080"]
[EventDate "2016.06.26"]

1. e4 d6 2. d4 g6 3. Nc3 Bg7 4. f4 a6 5. Nf3 b5 6. Bd3 Bb7 7. O-O Nd7 8. Ne2 c5
9. c3 cxd4 10. cxd4 Ngf6 11. Ng3 Qb6 12. Kh1 e5 13. fxe5 dxe5 14. d5 O-O 15. Qe2
Ne8 16. Be3 Qa5 17. Bd2 Qb6 18. Bb4 Nd6 19. Qf2 Rad8 20. Qd2 Rc8 21. Rfc1 Rxc1+
22. Rxc1 Rc8 23. Rxc8+ Nxc8 24. h4 h5 25. Ba5 Qc5 26. Bb4 Qb6 27. Ba5 Qc5 28.
Bb4 Qb6 29. Ba5 1/2-1/2

[Event "World Senior Teams +65"]
[Site "Radebeul GER"]
[Date "2016.06.29"]
[Round "4.8"]
[Board "3"]
[White "Scovitin, Albert"]
[Black "Baumbach, Friedrich"]
[Result "0-1"]
[BlackTitle "FM"]
[WhiteElo "2209"]
[BlackElo "2193"]
[WhiteTeam "Moldova"]
[BlackTeam "Stiftung BSW / DBAG I"]
[WhiteFideId "13906356"]
[BlackFideId "4611721"]
[EventDate "2016.06.26"]

1. c4 Nf6 2. Nc3 c5 3. e4 d6 4. g3 Nc6 5. Bg2 g6 6. d3 Bg7 7. Nge2 O-O 8. O-O
Nd4 9. h3 Rb8 10. f4 e5 11. Rb1 a6 12. Nxd4 exd4 13. Nd5 b5 14. g4 bxc4 15. dxc4
Re8 16. e5 Nxd5 17. Bxd5 Be6 18. Bxe6 Rxe6 19. exd6 Qxd6 20. Qd3 Rbe8 21. Rf3
Re1+ 22. Kf2 Qe7 23. Kg2 Qb7 24. Kg3 Rg1+ 25. Kh4 Ree1 26. Rg3 Qh1 27. Rxg1 Qxg1 0-1

[Event "World Senior Teams +65"]
[Site "Radebeul GER"]
[Date "2016.06.29"]
[Round "4.8"]
[Board "4"]
[White "Fleuch, Hans-Juergen"]
[Black "Gyrlea, Viktor"]
[Result "1/2-1/2"]
[BlackTitle "IM"]
[WhiteElo "2078"]
[BlackElo "2384"]
[WhiteTeam "Stiftung BSW / DBAG I"]
[BlackTeam "Moldova"]
[WhiteFideId "4619617"]
[BlackFideId "13900803"]
[EventDate "2016.06.26"]

1. Nf3 e6 2. d4 Nf6 3. e3 d5 4. Nbd2 Nbd7 5. Bd3 c5 6. c3 Be7 7. O-O O-O 8. Re1
Re8 9. Ne5 Nxe5 10. dxe5 Nd7 11. f4 Nf8 12. Nf3 1/2-1/2

[Event "World Senior Teams +65"]
[Site "Radebeul GER"]
[Date "2016.06.29"]
[Round "4.9"]
[Board "1"]
[White "Smeets, Pierre"]
[Black "Rahls, Peter"]
[Result "1-0"]
[BlackTitle "FM"]
[WhiteElo "2119"]
[BlackElo "2160"]
[WhiteTeam "Oranje 3"]
[BlackTeam "Berlin"]
[WhiteFideId "1043820"]
[BlackFideId "4613023"]
[EventDate "2016.06.26"]

1. c4 e5 2. g3 Nc6 3. Bg2 g6 4. Nc3 Bg7 5. e4 Nge7 6. Nge2 O-O 7. d3 d6 8. Bg5
h6 9. Be3 f5 10. Qd2 Kh7 11. O-O g5 12. f4 exf4 13. gxf4 g4 14. d4 fxe4 15. d5
Nb8 16. Nd4 c5 17. dxc6 Nbxc6 18. Bxe4+ Kh8 19. Rad1 Qe8 20. Ndb5 Qh5 21. Nxd6
Bf5 22. c5 Bxe4 23. Ncxe4 Nf5 24. Ng3 Nxg3 25. hxg3 Rad8 26. Qd5 Qxd5 27. Rxd5
Rd7 28. b3 Re7 29. Kf2 Nb4 30. Rd2 Nc6 31. Rfd1 Kg8 32. a3 a6 33. b4 Kh7 34. Rd5
Kg6 35. Nc4 Rfe8 36. R1d3 Rf8 37. Rd7 Rff7 38. R3d6+ Kh7 39. Rxe7 Rxe7 40. Rd3
Kg6 41. Nd6 Rd7 42. Ke2 Kh7 43. Kd2 Bf6 44. Nxb7 Rxb7 45. Rd6 Bb2 46. Rxc6 Bxa3
47. f5 Bxb4+ 48. Kd3 a5 49. Rxh6+ Kg8 50. Bd4 Rh7 51. Rg6+ Kf7 52. Rxg4 a4 53.
Kc4 Ba5 54. Kb5 Bd8 55. Kxa4 Bf6 56. c6 Rh8 57. c7 Re8 58. Bxf6 Kxf6 59. Rc4
Kxf5 60. Kb5 1-0

[Event "World Senior Teams +65"]
[Site "Radebeul GER"]
[Date "2016.06.29"]
[Round "4.9"]
[Board "2"]
[White "Sprotte, Norbert"]
[Black "Mostertman, Loek"]
[Result "1-0"]
[WhiteElo "2216"]
[BlackElo "1958"]
[WhiteTeam "Berlin"]
[BlackTeam "Oranje 3"]
[WhiteFideId "4607015"]
[BlackFideId "1010425"]
[EventDate "2016.06.26"]

1. d4 Nf6 2. Nf3 c5 3. d5 b5 4. Bg5 Bb7 5. Bxf6 exf6 6. e3 a6 7. c4 b4 8. Bd3
Bd6 9. Nbd2 O-O 10. h4 Qe7 11. Qc2 g6 12. g4 a5 13. Ne4 a4 14. g5 f5 15. Nf6+
Kg7 16. a3 f4 17. e4 Be5 18. Ng4 b3 19. Qd2 d6 20. Nfxe5 dxe5 21. Qc3 Nd7 22.
O-O-O Rae8 23. Rdg1 Bc8 24. f3 f5 25. Nf2 Nb6 26. h5 Bd7 27. exf5 Bxf5 28. Bxf5
Rxf5 29. Ne4 Ra8 30. hxg6 hxg6 31. Nf6 Rxf6 32. gxf6+ Qxf6 33. Rg4 Rh8 34. Rxh8
Kxh8 35. Qd3 Kg7 36. d6 Qe6 37. Rg2 Kf7 38. Rh2 Qxc4+ 39. Qxc4+ Nxc4 40. Rh7+
Ke8 41. Rc7 Nxd6 42. Rxc5 e4 43. fxe4 f3 44. Kd1 Kf7 45. e5 Nf5 46. Rc6 Nd4 47.
Rf6+ Kg7 48. Rf4 Nf5 49. Rxf3 Kf7 50. Rf4 Ke6 51. Rxa4 Kxe5 52. Kd2 g5 53. Rg4
Kf6 54. a4 Nh6 55. Rg2 g4 56. a5 Kf5 57. a6 1-0

[Event "World Senior Teams +65"]
[Site "Radebeul GER"]
[Date "2016.06.29"]
[Round "4.9"]
[Board "3"]
[White "Mentink, Toon"]
[Black "Neese, Hans-Joachim"]
[Result "0-1"]
[BlackTitle "FM"]
[WhiteElo "1853"]
[BlackElo "2159"]
[WhiteTeam "Oranje 3"]
[BlackTeam "Berlin"]
[WhiteFideId "1017322"]
[BlackFideId "4635019"]
[EventDate "2016.06.26"]

1. Nf3 Nf6 2. c4 g6 3. Nc3 Bg7 4. g3 c6 5. Bg2 O-O 6. O-O d6 7. d3 e5 8. Bd2 h6
9. Rb1 a5 10. Qc2 Re8 11. Rbd1 Qc7 12. Qc1 Kh7 13. h3 Nbd7 14. e4 Nc5 15. Be3 b6
16. g4 Nfd7 17. Kh2 Ne6 18. Rh1 Nd4 19. Qd2 Nc5 20. Kg1 Qe7 21. Nh2 Nce6 22. f3
Qf6 23. Rf1 Nf4 24. Bxf4 exf4 25. Re1 Qe5 26. Rb1 a4 27. Kf2 g5 28. Rhd1 Qc5 29.
Kf1 Be6 30. Qf2 Qa5 31. Kg1 b5 32. Bf1 b4 33. Ne2 Qc5 34. Kh1 Nxe2 35. Qxe2 Bd4
36. Qg2 Qe5 37. Rd2 Be3 38. Rdd1 d5 39. d4 Bxd4 40. exd5 Bd7 41. Bd3+ Kg7 42.
Be4 c5 43. Nf1 f5 44. gxf5 Bxf5 45. Nd2 Bd7 46. d6 Ra6 47. Bd5 Rxd6 48. Ne4 Rxd5
49. cxd5 Qxd5 50. Rbc1 Rc8 51. a3 bxa3 52. bxa3 Qe6 53. Kh2 Be8 54. Qg4 Qxg4 55.
hxg4 Be3 56. Rb1 Bc6 57. Kg2 Bd4 58. Nd6 Rd8 59. Nf5+ Kf7 60. Nxh6+ Ke6 61. Rb6
Rd6 62. Re1+ Be3 63. Rbb1 Rd2+ 64. Kh3 Bxf3 65. Rxe3+ fxe3 66. Nf5 e2 67. Ne3
Rd1 68. Rb6+ Kd7 69. Nc2 Be4 70. Rb2 Rh1+ 71. Kg3 Bxc2 0-1

[Event "World Senior Teams +65"]
[Site "Radebeul GER"]
[Date "2016.06.29"]
[Round "4.9"]
[Board "4"]
[White "Glatthor, Thomas"]
[Black "Montsma, Foppe-Jan"]
[Result "1/2-1/2"]
[WhiteElo "2042"]
[BlackElo "1825"]
[WhiteTeam "Berlin"]
[BlackTeam "Oranje 3"]
[WhiteFideId "24697400"]
[BlackFideId "1011472"]
[EventDate "2016.06.26"]

1. e4 b6 2. c4 Bb7 3. d3 e6 4. Nc3 Bb4 5. Bd2 Ne7 6. a3 Bc5 7. Nf3 Nbc6 8. b4
Bd6 9. d4 Ng6 10. Be2 O-O 11. O-O a6 12. Re1 e5 13. Bg5 f6 14. Be3 exd4 15. Nxd4
Nxd4 16. Bxd4 Nf4 17. Bf1 Qe8 18. Rc1 Kh8 19. Bxb6 Qe5 20. g3 cxb6 21. gxf4 Qxf4
22. Qh5 Rae8 23. Nd5 Bxd5 24. exd5 1/2-1/2

[Event "World Senior Teams +65"]
[Site "Radebeul GER"]
[Date "2016.06.29"]
[Round "4.10"]
[Board "1"]
[White "Hurme, Harri"]
[Black "Haubt, Georg"]
[Result "1/2-1/2"]
[WhiteTitle "FM"]
[BlackTitle "FM"]
[WhiteElo "2194"]
[BlackElo "2132"]
[WhiteTeam "Finland"]
[BlackTeam "Hessen 1"]
[WhiteFideId "500321"]
[BlackFideId "4604016"]
[EventDate "2016.06.26"]

1. d4 d5 2. c4 Nc6 3. Nc3 dxc4 4. d5 Ne5 5. f4 Nd7 6. e4 Nb6 7. a4 a5 8. Be3 e6
9. Bxb6 cxb6 10. Bxc4 Bb4 11. dxe6 Bxe6 12. Bb5+ Kf8 13. f5 Qh4+ 14. Kf1 Rd8 15.
Qe2 Bb3 16. Nf3 Qh6 17. Bc4 Bxc4 18. Qxc4 Ne7 19. h4 Qc6 20. Qxc6 bxc6 21. Ke2
Re8 22. Kd3 h5 23. Rad1 Nc8 24. Rhe1 Nd6 25. Nd4 c5 26. Ndb5 Nxb5 27. axb5 Rd8+
28. Kc4 Rb8 29. Rd7 Re8 30. Rb7 Rh6 31. e5 Rd8 32. e6 fxe6 33. fxe6 Rd4+ 34. Kb3
c4+ 35. Kc2 Be7 36. Rxb6 Rg6 37. Rb8+ Rd8 38. Rxd8+ Bxd8 39. Nd5 Rxg2+ 40. Kc3
Be7 41. Re4 Rg3+ 42. Kxc4 Bd6 43. b6 Rg4 44. Rxg4 hxg4 45. Ne3 g3 46. Kd5 Bb8
47. Ke4 g6 48. Kf3 Ke7 49. b3 Kxe6 50. Nc4 Kd5 51. Nxa5 Kc5 52. Nc4 Kb5 53. b7
Ka6 54. Nd2 Kxb7 55. Ne4 Kc6 56. Nxg3 Kb5 57. Ne2 Be5 58. Nf4 Bf6 59. Kg4 Bxh4 1/2-1/2

[Event "World Senior Teams +65"]
[Site "Radebeul GER"]
[Date "2016.06.29"]
[Round "4.10"]
[Board "2"]
[White "Zunker, Reinhard"]
[Black "Vinke, Dietmar"]
[Result "1/2-1/2"]
[WhiteTitle "FM"]
[BlackTitle "FM"]
[WhiteElo "2134"]
[BlackElo "2134"]
[WhiteTeam "Hessen 1"]
[BlackTeam "Finland"]
[WhiteFideId "4617711"]
[BlackFideId "1703196"]
[EventDate "2016.06.26"]

1. Nf3 Nf6 2. c4 g6 3. Nc3 Bg7 4. e4 d6 5. d4 O-O 6. h3 Nbd7 7. Be3 e5 8. d5 Nc5
9. Qc2 a5 10. Be2 Ne8 11. Nd2 f5 12. f3 Bh6 13. Bf2 Qg5 14. g4 Qxd2+ 15. Qxd2
Bxd2+ 16. Kxd2 fxe4 17. Ke3 exf3 18. Bxf3 Bd7 19. Bh4 Nf6 20. Be2 Rf7 21. Rhf1
Raf8 22. Bg5 Kg7 23. b3 h6 24. Bh4 g5 25. Bg3 Nh7 26. Rxf7+ Rxf7 27. Rg1 Nf8 28.
Be1 b6 29. Bg3 Ng6 30. Be1 Nf4 31. Bf1 Rf8 32. Nb1 Be8 33. Rh1 Bg6 34. Nc3 Rf7
35. Bg3 Nfd3 36. Bg2 Nf4 37. Bf3 Rf8 38. Bd1 Rh8 39. Nb5 Na6 40. h4 Ng2+ 41. Kf2
Nxh4 42. Bxh4 gxh4 43. Rxh4 Rf8+ 44. Ke1 Rf7 45. Rh3 Rf4 46. Be2 Be8 47. Nc3 Nc5
48. Nd1 Bd7 49. Nc3 Rf6 50. Rh5 e4 51. g5 hxg5 52. Rxg5+ Rg6 53. Rh5 Kf6 54. Kd2
Rg5 55. Rh6+ Kg7 56. Rh1 Rg3 1/2-1/2

[Event "World Senior Teams +65"]
[Site "Radebeul GER"]
[Date "2016.06.29"]
[Round "4.10"]
[Board "3"]
[White "Morant, Paul"]
[Black "Biller, Helmut"]
[Result "1-0"]
[WhiteElo "2091"]
[BlackElo "2082"]
[WhiteTeam "Finland"]
[BlackTeam "Hessen 1"]
[WhiteFideId "503517"]
[BlackFideId "4676068"]
[EventDate "2016.06.26"]

1. d4 Nf6 2. Nf3 d5 3. g3 Bf5 4. Bg2 e6 5. c4 c6 6. O-O Nbd7 7. b3 h6 8. Bb2 Be7
9. Nfd2 O-O 10. f3 c5 11. e3 cxd4 12. exd4 dxc4 13. bxc4 e5 14. Nb3 exd4 15.
Bxd4 Rc8 16. Qe2 Re8 17. N1d2 Nc5 18. Rfd1 Bc2 19. Bf1 Bxd1 20. Rxd1 Qc7 21. Kh1
Rcd8 22. f4 b6 23. Be5 Qd7 24. Nd4 Rc8 25. Bh3 Ng4 26. Nb5 Nf2+ 27. Qxf2 Qxh3
28. Nc3 Nd3 29. Qf3 Nxe5 30. fxe5 Bb4 31. Nce4 Bxd2 32. Nd6 Qe6 33. Nxc8 Rxc8
34. Rxd2 Qxc4 35. Kg2 Qc6 36. Rd8+ Kh7 37. Rxc8 Qxc8 38. Qxf7 Qc5 39. e6 Qd5+
40. Kh3 Qxa2 41. Qf5+ Kg8 42. e7 Qf7 43. Qc8+ 1-0

[Event "World Senior Teams +65"]
[Site "Radebeul GER"]
[Date "2016.06.29"]
[Round "4.10"]
[Board "4"]
[White "Mueller, Horst2"]
[Black "Luodonpaa, Martti"]
[Result "1/2-1/2"]
[WhiteElo "2165"]
[BlackElo "1831"]
[WhiteTeam "Hessen 1"]
[BlackTeam "Finland"]
[WhiteFideId "4679660"]
[BlackFideId "502880"]
[EventDate "2016.06.26"]

1. d4 d5 2. Nf3 c5 3. c3 cxd4 4. cxd4 Nf6 5. Nc3 Nc6 6. g3 g6 7. Bg2 Bg7 8. O-O
O-O 9. h3 h6 10. Be3 Be6 11. Na4 Ne4 12. Rc1 Rc8 13. Kh2 Kh7 14. Nc5 Nxc5 15.
Rxc5 b6 16. Rc1 Qd7 17. Qd2 Bf5 18. Rfd1 Be4 19. Ne1 Bxg2 20. Kxg2 Qf5 21. g4
Qf6 22. Nf3 Qe6 23. Bf4 Qe4 24. Qe3 Qxe3 25. Bxe3 e6 26. Bf4 Rfd8 27. Kf1 Bf6
28. h4 Be7 29. g5 h5 30. Ne1 Kg8 31. Be3 Kf8 32. Nf3 Ke8 33. Ne1 Kd7 34. Nd3 Ke8
35. f3 Bd6 36. Ne1 Kd7 37. Kf2 Ne7 38. Kg2 Nf5 39. Bf2 Rxc1 40. Rxc1 Rc8 41.
Rxc8 Kxc8 42. e4 dxe4 43. fxe4 Ne7 44. Nd3 Kd7 45. Kf3 Nc6 46. Ke2 Nb4 47. e5
Be7 48. Nc1 Kc6 49. a3 Nd5 50. Kd3 Kb5 51. Nb3 Kc6 52. Nd2 a6 53. Ne4 Nf4+ 54.
Ke3 Nd5+ 55. Kd2 Nf4 56. Bg3 Nd5 57. Kd3 Nc7 58. Be1 Nd5 59. Bd2 Kd7 60. Kc4 Kc6
61. Bc1 Nc7 62. Bf4 Nd5 63. Bd2 Bf8 64. Bc1 Kc7 65. a4 Kc6 66. Bd2 b5+ 67. axb5+
axb5+ 68. Kd3 Be7 69. Ng3 Nb6 70. b3 Nd5 71. Ne2 Kb6 72. Ke4 Kc6 73. Kd3 Kb6 1/2-1/2

[Event "World Senior Teams +65"]
[Site "Radebeul GER"]
[Date "2016.06.29"]
[Round "4.11"]
[Board "1"]
[White "Harestad, Thor Geir"]
[Black "Vucenovic, Dragomir"]
[Result "0-1"]
[WhiteTitle "FM"]
[BlackTitle "FM"]
[WhiteElo "2192"]
[BlackElo "2264"]
[WhiteTeam "Norway 1"]
[BlackTeam "Switzerland"]
[WhiteFideId "1500414"]
[BlackFideId "1300393"]
[EventDate "2016.06.26"]

1. Nf3 d5 2. c4 c6 3. g3 Nf6 4. Bg2 g6 5. b3 Bg7 6. Bb2 O-O 7. O-O Bg4 8. Qc2
Nbd7 9. d3 Re8 10. Ne5 Nxe5 11. Bxe5 Qd7 12. Nc3 Bh3 13. Rac1 Bxg2 14. Kxg2 Qe6
15. Bxf6 Bxf6 16. Na4 b6 17. e3 c5 18. Nc3 Bxc3 19. Qxc3 Rad8 20. Qc2 Rd6 21.
Qe2 Red8 22. Qf3 dxc4 23. dxc4 Rd2 24. Rcd1 Qe5 25. h4 Kg7 26. a4 a5 27. Rxd2
Rxd2 28. Rd1 Rb2 29. Rd3 f5 30. Kg1 Rb1+ 31. Kg2 Qe4 32. Qxe4 fxe4 33. Rc3 h5
34. g4 Kf6 35. gxh5 gxh5 36. Kg3 Kf5 37. Kh3 Rb2 38. Kg3 e6 39. Rc1 Rxb3 40. Rd1
Rb4 41. Rd6 Ke5 42. Rc6 Rxa4 43. Rxb6 Rxc4 44. Ra6 Ra4 45. Ra8 c4 46. Rc8 Kd5
47. Rd8+ Kc5 48. Kf4 Ra2 49. Kxe4 Rxf2 50. Rc8+ Kb4 51. Rb8+ Kc3 52. Rb6 Rh2 53.
Rxe6 Rxh4+ 54. Kf3 Rh1 55. Kg2 Ra1 56. Re5 Kd3 57. Kf2 c3 58. Rd5+ Kc4 59. Rd4+
Kb3 0-1

[Event "World Senior Teams +65"]
[Site "Radebeul GER"]
[Date "2016.06.29"]
[Round "4.11"]
[Board "2"]
[White "Bhend, Edwin"]
[Black "Ulrichsen, Jarl H"]
[Result "1-0"]
[WhiteTitle "IM"]
[BlackTitle "FM"]
[WhiteElo "2169"]
[BlackElo "2187"]
[WhiteTeam "Switzerland"]
[BlackTeam "Norway 1"]
[WhiteFideId "1300288"]
[BlackFideId "1500350"]
[EventDate "2016.06.26"]

1. d4 g6 2. e4 Bg7 3. Nf3 c5 4. dxc5 Qa5+ 5. Nbd2 Qxc5 6. Bc4 d6 7. c3 Nf6 8.
Qe2 Nbd7 9. Nb3 Qc6 10. Nbd4 Qa4 11. b4 Nxe4 12. Qxe4 d5 13. Qxd5 O-O 14. Bb5
Nb6 15. Qc5 e5 16. Bxa4 Nxa4 17. Qxf8+ Kxf8 18. Ne2 Bf5 19. Ba3 Bd3 20. Rc1 b5
21. h4 Kg8 22. h5 Re8 23. hxg6 hxg6 24. Nfg1 Re6 25. Rh3 Bf5 26. Re3 Bh6 27. Rd1
Bxe3 28. fxe3 Nb6 29. Nf3 Nc4 30. Bc1 Ra6 31. a3 Rb6 32. Ng3 Bg4 33. Kf2 Kg7 34.
Rd5 Be6 35. Rd8 a5 36. Ne4 axb4 37. cxb4 f6 38. Nfd2 Nxd2 39. Rxd2 Bc4 40. Rd7+
Kf8 41. Bb2 g5 42. g3 Be6 43. Nxf6 Bf5 44. Bxe5 1-0

[Event "World Senior Teams +65"]
[Site "Radebeul GER"]
[Date "2016.06.29"]
[Round "4.11"]
[Board "3"]
[White "Gundersen, Helge"]
[Black "Issler, Christian"]
[Result "1/2-1/2"]
[WhiteElo "2144"]
[BlackElo "2078"]
[WhiteTeam "Norway 1"]
[BlackTeam "Switzerland"]
[WhiteFideId "1500465"]
[BlackFideId "1306456"]
[EventDate "2016.06.26"]

1. e4 e6 2. Qe2 d5 3. exd5 Qxd5 4. Nc3 Qd8 5. Nf3 c5 6. g3 Nc6 7. Bg2 Nf6 8. O-O
Be7 9. d3 O-O 10. Bf4 a6 11. Rfe1 Nb4 12. Ne5 Nbd5 13. Bd2 Nxc3 14. Bxc3 Rb8 15.
Rad1 Nd5 16. Bd2 Bd6 17. a3 Bd7 18. c4 Ne7 19. Bc3 Bc6 20. Nxc6 Nxc6 21. Qg4 Nd4
22. Bxd4 cxd4 23. Qxd4 Qc7 24. b4 Rfd8 25. Qc3 b6 26. d4 Be7 27. d5 exd5 28.
Bxd5 Bf6 29. Qb3 Rd7 30. Qa4 a5 31. Qb5 axb4 32. axb4 Rbd8 33. Kg2 g6 34. Rd3
Kg7 35. Re2 h5 36. h4 Be7 37. Rf3 Bd6 38. Ra2 Re7 39. Ra6 Rb8 40. Rfa3 Qd8 41.
Ra7 Rc7 42. Rxc7 Qxc7 43. Rf3 Rf8 44. Re3 Rd8 45. Qa4 Rd7 46. Qa1+ f6 47. Re6
Be5 48. Qa8 Rd8 49. Qa6 Rd6 50. Re8 Rd8 51. Rxd8 Qxd8 52. Qb7+ Qc7 53. Qa8 Qb8
54. Qc6 Qd6 55. Qe8 Qf8 56. Qe6 Bd6 57. f3 Bxb4 58. Qxb6 Bc5 59. Qe6 Kh6 60. g4
Qe7 61. Kg3 1/2-1/2

[Event "World Senior Teams +65"]
[Site "Radebeul GER"]
[Date "2016.06.29"]
[Round "4.11"]
[Board "4"]
[White "Illi, Hans-Joerg"]
[Black "Sollid, Stein"]
[Result "1/2-1/2"]
[WhiteElo "2042"]
[BlackElo "2014"]
[WhiteTeam "Switzerland"]
[BlackTeam "Norway 1"]
[WhiteFideId "1300431"]
[BlackFideId "1503057"]
[EventDate "2016.06.26"]

1. d4 Nf6 2. Nf3 b6 3. Bg5 e6 4. e3 Bb7 5. Nbd2 Be7 6. Bd3 O-O 7. O-O c5 8. c3
Nc6 9. Qe2 d5 10. Ne5 Rc8 11. f4 c4 12. Bc2 b5 13. Bxf6 Bxf6 14. Ndf3 g6 15. g4
Bg7 16. Nxc6 Rxc6 17. g5 Rd6 18. h4 b4 19. Ne5 Qe7 20. a3 bxc3 21. bxc3 Bxe5 22.
fxe5 Rc6 23. Rf6 1/2-1/2